000 00870nam a2200265 a 4500
001 69640
003 BD-RjUL
005 20211209081918.0
008 170412s1999 njua 001 0 eng d
020 _a0536024499
035 _a(BD-RjUL)69852
040 _aDLC
_cDLC
_dDLC
_dBD-RjUL
_beng
041 _aeng
082 0 0 _223
_a515.15
_bBAA 1999
100 1 _aBarnett, Raymond A.
_9201431
245 1 0 _aApplied calculus with linear programming for business, economics, life sciences, and social sciences /
_cRaymond A. Barnett and Michael R. Ziegler.
250 _a5th ed.
260 _aNeedham Heights, MA :
_bPearson Custom Pub.,
_cc1999.
300 _avi, 974 p. :
_bill. (some col.) ;
_c27 cm.
500 _aIncludes indexes.
650 0 _aCalculus.
_9206269
650 0 _aLinear programming.
_9206270
700 1 _aZiegler, Michael R.
_9162883
942 _2ddc
_cBK
999 _c69640
_d69640